| 000 | 00823nam a2200217 a 4500 | ||
|---|---|---|---|
| 008 | 080930s2008 ||||||||||||||||| || u | ||
| 020 | _a9780821368848 | ||
| 050 | _aIBRD(06)DD/2008/2 | ||
| 100 | _aGarcia, Marito | ||
| 245 | 1 | 0 |
_aYouth in Africa's labor market _cEdited by Marito Garcia and Jean Fares |
| 260 |
_aWashington, D.C. _bWorld Bank _c2008 |
||
| 300 | _axxxi, 293p.: ill | ||
| 350 | _a0.00 | ||
| 490 | _aDirections in development (Human development) | ||
| 650 | _aYOUTH--AFRICA--SOCIAL CONDITIONS | ||
| 650 | _aLABOR MARKET--AFRICA | ||
| 650 | _aYOUTH--UNEMPLOYMENT--AFRICA | ||
| 700 | _aFares, Jean | ||
| 710 | _aWorld Bank | ||
| 995 |
_D0.00 _FCBU-MAIN LIBRARY (Kitwe) _H1 _I0.00 _M1 _UAVAILABLE _WOct 1, 2008 _ZInternational Publications |
||
| 999 |
_c62311 _d62311 |
||